| 000 | 00802nam a22002537a 4500 | ||
|---|---|---|---|
| 003 | dpl | ||
| 005 | 20250908113419.0 | ||
| 008 | 240724b |||||||| |||| 00| 0 eng d | ||
| 010 | _aENG-146661 | ||
| 020 |
_a9789354428708 _c1125.00 |
||
| 035 | _aEN-130194 | ||
| 037 | _bDBAD | ||
| 040 |
_aDPL _c0 |
||
| 082 |
_aS _21 |
||
| 245 |
_aStayed Back, Stayed On: _cEdited by Epsita Halder _bShort Stories by Bengali Muslim Writers/ |
||
| 250 | _a1 | ||
| 260 |
_aTelangana _bOrient Blackswan Private Limited _c2025 |
||
| 270 |
_a3-6-752, Himayatnagar _bHyderabad _e500029 |
||
| 300 |
_a256p. _c22cm(pbk) _bindex |
||
| 440 |
_a Sub Series II - Indian and Asian Contexts _984870 |
||
| 500 | _aStudies In Compartive Literature | ||
| 700 |
_aHalder, Epsita _eEdited By _984871 |
||
| 942 |
_2ddc _cEN _hS _mSTA |
||
| 999 |
_c213366 _d213366 |
||